| 000 | 00638nam a2200229 a 4500 | ||
|---|---|---|---|
| 001 | BRCA_2305 | ||
| 005 | 20190320203742.0 | ||
| 008 | 190808s2000----sp-a---###---#000-0#spa-# | ||
| 020 | _a8478951377 | ||
| 041 | _aspa | ||
| 044 | _asp | ||
| 050 | 4 |
_aZ269 _b.B78 2000 |
|
| 100 | 1 |
_aBrugalla Turmo, Emilio _96901 |
|
| 245 | 1 | 0 |
_aTres ensayos sobre el arte de la encuadernación _cEmilio Brugalla. |
| 260 |
_aEspaña _bOllero & Ramos _c2000 |
||
| 300 |
_a169 p. _bil. _c28 cm. |
||
| 500 | _aEjemplar engargolado | ||
| 500 | _aPor política no se presta a domicilio | ||
| 650 | 1 | 4 |
_aEncuadernación _96902 |
| 902 | _aeng | ||
| 942 |
_2lcc _cB |
||
| 999 |
_c2050 _d2050 |
||